CHP'nin kısa tarihçesi (Record no. 7634)

MARC details
000 -BAŞLIK
Sabit Uzunlukta Kontrol Alanı 00594na a2200229 4500
001 - KONTROL NUMARASI
Denetim Alanı 15270
003 - KONTROL NUMARASI IDENTIFIER
Denetim Alanı MIRAKIL
005 - SON İŞLEM TARİHİ VE ZAMANI
Denetim Alanı 20181213155145.0
008 - SABİT-BOY VERİ ELEMANLARI - GENEL BİLGİLER
Sabit Uzunlukta Kontrol Alanı 161006b tu 000 0
035 ## - SİSTEM KONTROL NUMARASI
Sistem Kontrol Numarası 15270
040 ## - KATALOGLAMA KAYNAK
Orijinal Kataloglama Ajansı Milas
Kataloglama Dili tur
Metne Dönüştürmek Ajansı TR-AnCHP
082 ## - DEWEY ONLU SINIFLANDIRMA NUMARASI
Sınıflandırma Numarası CHP 324.2172
Ürün Numarası A49c 2000
090 ## - SINIFLAMA NUMARASI
Sınıflama Numarası CHP 324.2172 A49c 2000
100 ## - ANA GİRİŞ - KİŞİSEL İSİM
Kişisel Ad Akyüz, Halil
245 ## - BAŞLIK TABLOSU
Başlık CHP'nin kısa tarihçesi
Sorumluluk Tablosu, Vb Halil Akyüz
260 ## - YAYIN, DAĞITIM, VB
Yayın, Dağıtım, Vb Yeri Ankara
Yayıncı, Dağıtıcı, Vs Adı [yay.y.]
Yayın, Dağıtım, Vb Tarihi 2000
300 ## - FİZİKSEL TANIM
Kapsam 16 s.
Boyutlar 19 sm.
610 ## - KONU KATMA GİRİŞ - TOPLANTI ADI
Giriş Elemanı Olarak Kurumsal Ad Veya Yargı Alanı Adı CHP
Genel Alt Bölüm Tarih
650 ## - KONU KATMA GİRİŞ - TOPİKAL DÖNEM
Topikal Süreli Veya Coğrafi Ad Giriş Elemanı Siyasal partiler
Genel Alt Bölümü CHP
Kronolojik Alt Bölümü Tarih
830 ## - SERİSİ EKLENDİ GİRİŞ - ÜNİFORM ADI
Üniforma Başlık CHP Yayınları
942 ## - EKLENDİ GİRİŞ ELEMANLARI (KOHA)
Sınıflandırma Veya Raf Düzeni Kaynak
Koha Öğesi Türü Books
999 ## - SİSTEM KONTROL NUMARALARI (KOHA)
Koha Biblionumber 7634
Koha Biblioitemnumber 7634
Holdings
Kalıcı Konum Mevcut Konum Edinme Tarihi Edinim Kaynak Toplam Check-Out'Lar Tam Çağrı Numarası Barkod Tarih Son Görülme İtibaren Geçerli Fiyatlar Koha Öğesi Türü Kopya Sayısı
CHP Kütüphanesi CHP Kütüphanesi 09/07/2016 Bağış   CHP 324.2172 A49c 2000 003339 09/07/2016 09/07/2016 Books  
CHP Kütüphanesi CHP Kütüphanesi 10/20/2016 Bağış   CHP 324.2172 A49c 2000 005814 10/20/2016 10/20/2016 Books k.2